000 00306nam a22001337a 4500
008 170907b xxu||||| |||| 00| 0 eng d
020 _a9781590703045
041 _aeng
080 _a72
100 _a41
101 _aARK
245 _aRESIDENTIAL HOUSING & INTERIORS
_cKICKLIGHTER, C.E
942 _2udc
_cBK
999 _c26480
_d26480